000 01511ctm a2200421 a 4500
001 14955039
003 NUST
005 20240213101658.0
007 sd fsngnnmmneu
008 070807s2006 mnunnn| | z | eng d
010 _a 2007656682
020 _a1598870564
020 _a9780141030531
028 0 2 _aHBP 89547
_bHighBridge
035 _a(OCoLC)ocm71037546
040 _aWIQ
_cWIQ
_dBAKER
_dGK8
_dBTCTA
_dVP@
_dJAG
_dIHI
_dDLC
042 _alccopycat
050 0 0 _aSDB 60524
082 _a658.409
_bGOD
100 1 _aGodin, Seth.
_9120310
245 1 0 _aSmall is the new big:
_b[and other riffs, rants, and remarkable business ideas] /
_cSeth Godin.
260 _aNew York :
_bPenguin,
_c2007.
300 _a323p :
_bill ;
306 _a073000
500 _aSubtitle from container.
500 _aAbridged.
511 0 _aRead by the author.
520 _aA collection of eight years worth of blog posts, magazine articles and e-books read by the author, offering ideas and stories that can change how you work, what you buy, and how you see the world.
650 0 _aSuccess in business.
650 0 _aSimplicity.
_9120311
650 0 _aCommon sense.
_9100697
650 0 _aInterpersonal relations.
_912558
655 7 _aAudiobooks.
_2lcgft
_922543
856 4 2 _3Publisher description
_uhttp://www.loc.gov/catdir/enhancements/fy0903/2007656682-d.html
906 _a7
_bcbc
_ccopycat
_d2
_encip
_f20
_gy-soundrec
942 _2ddc
_cBK
999 _c607671
_d607671